Teora̕ de las relaciones laborales fundamentos /

Detalles Bibliográficos
Otros Autores: Blanch Ribas, Josep M. (coord)
Formato: Desconocido
Lenguaje:español
Publicado: Barcelona : Editorial UOC, 2003
Colección:Manuales (Editorial UOC). Economa̕ y empresa ; 5
Materias:
Acceso en línea:Acceso restringido

MARC

LEADER 00000ny a22000003n 4500
005 20110530144315.0
008 030616s2003 sp s 000 0 spa c
017 |a D.L. B.26564-2003 
020 |a 8483183013 
035 |a 1333 
040 |a SpMaUCCP  |d vLex 
040 |a UMA.RE  |d vLex 
080 |a 316.334.23 
080 |a 349.2:331.104.2 
090 |c 367  |d 367 
245 0 0 |a Teora̕ de las relaciones laborales  |h [Recurso electrn̤ico]  |b fundamentos /  |c Josep M. Blanch Ribas (coord.)... [et al.] 
256 |a Servicio en ln̕ea 
260 |a Barcelona :  |b Editorial UOC,  |c 2003 
300 |a 350 p. ;  |c 24 cm 
490 1 |a Manuales. Economa̕ y empresa ;  |v 5 
504 |a Bibliografa̕ 
506 1 |a Contenido solo disponible en los productos indicados  |d vLex Global  |d vLex Global (Academic Edition, excluding Law Schools)  |d vLex Global (U.S. Academic Edition, Law Schools)  |d vLex Global (U.S. Academic Edition, excluding Law Schools)  |d vLex Global (Academic Edition, Law Schools) 
650 0 7 |2 Tesauro vLex  |a Laboral 
650 0 7 |2 Tesauro vLex  |a Relacin̤ laboral 
700 1 |a Blanch Ribas, Josep M.,  |e coord 
740 0 |a vLex Libros (Servicios en ln̕ea) 
830 0 |a Manuales (Editorial UOC).  |p Economa̕ y empresa ;  |v 5 
856 4 0 |z Acceso restringido  |u http://vlex.com/source/fundamentos-relaciones-laborales-1333 
942 |c BOOK 
999 0 |a Labor laws and legislation  |b Barcelona